[Event "Oberliga Nord O 1415"]
[Site "Germany"]
[Date "2015.03.15"]
[Round "8.8"]
[White "Lenhardt, Manfred"]
[Black "Gaedke, Peter"]
[Result "1-0"]
[WhiteElo "2097"]
[BlackElo "1920"]
[PlyCount "117"]
[EventDate "2014.09.21"]
[EventType "team-tourn"]
[EventRounds "9"]
[EventCountry "GER"]
[SourceTitle "EXT 2016"]
[Source "ChessBase"]
[SourceDate "2015.10.08"]
[SourceVersion "1"]
[SourceVersionDate "2015.10.08"]
[SourceQuality "1"]
[WhiteTeam "Weisse Dame"]
[BlackTeam "Potsdam USV"]
[WhiteTeamCountry "GER"]
[BlackTeamCountry "GER"]

1. d4 d5 2. Nf3 Nf6 3. g3 g6 4. Bg2 Bg7 5. 0-0 0-0 6. c4 c6 7. Na3 Re8 8. Bf4 Nbd7 9. Qc2 e6 10. Rad1 Ne4 11. Nd2 f5 12. Nxe4 fxe4 13. Qc1 Qb6 14. Be3 Nf6 15. h3 Bd7 16. Nb1 Rf8 17. Nc3 Rf7 18. g4 Raf8 19. Qd2 Ne8 20. b3 Qd8 21. Bg5 Bf6 22. Bh6 Ng7 23. f3 exf3 24. Rxf3 Be7 25. Qd3 Bg5 26. Bxg5 Qxg5 27. Qd2 Qh4 28. Rdf1 Rxf3 29. Rxf3 Rxf3 30. exf3 h5 31. Qe3 Qg3 32. Nd1 Kf7 33. Nf2 hxg4 34. hxg4 Ne8 35. Nd3 Nf6 36. Qf2 Qd6 37. c5 Qe7 38. Qh4 Kg7 39. Ne5 Be8 40. f4 Qc7 41. Qe1 Bf7 42. Bf3 Qd8 43. b4 Qc7 44. Qh4 Qe7 45. g5 Ng8 46. Bg4 Qe8 47. Qh3 Qe7 48. Kg2 Kf8 49. Kg3 Qe8 50. Qh7 Ne7 51. Kf2 Ng8 52. Ke3 Ne7 53. Qh3 Nf5+ 54. Bxf5 exf5 55. Qh8+ Ke7 56. Qg7 Qg8 57. Nxg6+ Kd8 58. Qf6+ Kc7 59. Qd6+ 1-0